Manual on tobacco control in schools
Saved in:
| Corporate Author: | |
|---|---|
| Format: | Book |
| Language: | English |
| Published: |
New Delhi ;
World Health Organization, WHO Regional Office for South-East Asia ,
c2006.
|
| Subjects: | |
| Online Access: | Visit NHRC Library |
| Tags: |
Add Tag
No Tags, Be the first to tag this record!
|
| LEADER | 00867nam a22002177a 4500 | ||
|---|---|---|---|
| 003 | OSt | ||
| 005 | 20220906184648.0 | ||
| 008 | 151007b xxu||||| |||| 00| 0 eng d | ||
| 050 | |a WM 290 | ||
| 110 | |a World Health Organization, WHO Regional Office for South-East Asia |9 3402 | ||
| 245 | |a Manual on tobacco control in schools | ||
| 260 | |a New Delhi ; |b World Health Organization, WHO Regional Office for South-East Asia , |c c2006. | ||
| 300 | |a v, 84p. | ||
| 650 | |a Tobacco Control. |9 3403 | ||
| 650 | |a Tobacco Control - Schools. |9 3404 | ||
| 650 | |a Manual. |9 3405 | ||
| 650 | |a Manual - Tobacco Control Schools. |9 3406 | ||
| 856 | |u http://nhrc.org.np/contact |y Visit NHRC Library | ||
| 942 | |2 NLM |c WHO | ||
| 952 | |0 0 |1 0 |2 NLM |4 0 |6 WM_290_000000000000000_WHO_2006 |7 0 |9 2313 |a NHRC |b NHRC |c CART |d 2015-10-07 |l 0 |o WM 290/WHO/2006 |p 001902 |r 2015-10-07 |w 2015-10-07 |y WHO | ||
| 999 | |c 2226 |d 2226 | ||